Aplikácia pre sluchovo postihnutých
Uložené v:
| Hlavný autor: | |
|---|---|
| Ďalší autori: | |
| Médium: | Rukopis Kniha |
| Jazyk: | Slovak |
| Vydavateľské údaje: |
2015
|
| Predmet: | |
| On-line prístup: | http://is.stuba.sk/zp/portal_zp.pl?podrobnosti=97883 |
| Tagy: |
Žiadne tagy, Buďte prvý, kto otaguje tento záznam!
|
MARC
| LEADER | 00000ntm a22000003a 4500 | ||
|---|---|---|---|
| 001 | stuzp50026 | ||
| 003 | SK-STU | ||
| 005 | 20160719153434.9 | ||
| 007 | ta | ||
| 008 | 150427s2015----xo-----f-mn---000-0-slo-d | ||
| 040 | |a STU |b slo | ||
| 041 | 0 | |a slo | |
| 100 | 1 | |a Gažo, Tomáš |u 035000 |4 aut |U FEI Fakulta elektrotechniky a informatiky |T FEI Ústav informatiky a matematiky |X 54084 |U E050 |Y 816 |7 54084 | |
| 242 | 0 | 1 | |a Application for the hearing impaired |y eng |
| 245 | 1 | 0 | |a Aplikácia pre sluchovo postihnutých |
| 260 | |c 2015 | ||
| 300 | |a 33 s., príl. |b CD-ROM | ||
| 650 | 4 | |a aplikácia okna |2 slo | |
| 650 | 4 | |a Hannova funkcia |2 slo | |
| 650 | 4 | |a Spektrogram |2 slo | |
| 650 | 4 | |a zvukové formáty |2 slo | |
| 650 | 4 | |a Android |2 slo | |
| 650 | 4 | |a Digitalizácia zvuku |2 slo | |
| 650 | 4 | |a Furierová transformácia |2 slo | |
| 650 | 4 | |a spektrálne unikanie |2 slo | |
| 650 | 4 | |a Spectrogram |2 eng | |
| 650 | 4 | |a Sound digitalization |2 eng | |
| 650 | 4 | |a spectral leakage |2 eng | |
| 650 | 4 | |a windowing |2 eng | |
| 650 | 4 | |a audio formats |2 eng | |
| 650 | 4 | |a Android |2 eng | |
| 650 | 4 | |a Fourier transforms |2 eng | |
| 650 | 4 | |a Hann function |2 eng | |
| 700 | 1 | |a Kazlov, Igor |4 ths |X 16036 |7 A000016036 | |
| 856 | 4 | |u http://is.stuba.sk/zp/portal_zp.pl?podrobnosti=97883 | |
| 996 | |b 284ER01923 |c E*Bc- 1923 |l EE35 |s P |a 0 |w stuzp50026_0001 | ||
| SQL | |a stuzp50026 |b DBP |c SLO |d Aplikácia pre sluchovo postihnutých |e 54084 |f Gažo, Tomáš |g 035000 |h 16036 |i Kazlov, Igor |j 20150707 |k 73 |l 03 |m http://is.stuba.sk/zp/portal_zp.pl?podrobnosti=97883 |n B-API |o 9.2.9. aplikovaná informatika | ||